000 00337nam a22001457a 4500
003 SGT
020 _a978-93-91208-94-3
082 _a615.19
_bTYA
100 _aTYAGI, DR. NIDHI
245 _aPHARMACEUTICAL MICROBIOLOGY
260 _aINDIA
_bIP PUB.
_c2023
300 _a184
650 _aPHARMACEUTICAL MICROBIOLOGY
942 _2ddc
_cBK
999 _c34214
_d34214